De Blériot à Airbus : Une histoire des industries aéronautiques européennes (1910-2024) (notice n° 1568438)

détails MARC
000 -LEADER
fixed length control field 01948cam a2200145 4500500
005 - DATE AND TIME OF LATEST TRANSACTION
control field 20251214004326.0
041 ## - LANGUAGE CODE
Language code of text/sound track or separate title fre
042 ## - AUTHENTICATION CODE
Authentication code dc
100 10 - MAIN ENTRY--PERSONAL NAME
Personal name Juilliet, Clair
Relator term author
245 00 - TITLE STATEMENT
Title De Blériot à Airbus : Une histoire des industries aéronautiques européennes (1910-2024)
260 ## - PUBLICATION, DISTRIBUTION, ETC.
Name of publisher, distributor, etc. Armand Colin,<br/>
Date of publication, distribution, etc. 2025.<br/>
520 ## - SUMMARY, ETC.
Summary, etc. Cet ouvrage raconte sur un siècle, de 1910 à 2024, l’extraordinaire aventure de l’aviation civile et militaire européenne. Il en dépeint les grandes phases, depuis le premier avion populaire, le Blériot XI, qui traverse la Manche le 23 janvier 1909, jusqu’à nos jours.Les auteurs, grands spécialistes de la question, proposent un panorama unique et décrivent les évolutions techniques, économiques et sociales de l’aéronautique au cours de l’histoire: après les deux guerres mondiales qui révèlent le rôle essentiel de l’arme aérienne, le réseau des grandes lignes transcontinentales et transatlantiques se met en place avec une démocratisation du transport aérien grâce au triomphe de l’avion à réaction. Au fil des décennies, les investissements gigantesques nécessaires pour la mise au point de nouveaux appareils aboutissent, dans le domaine civil, au duopole mondial Airbus-Boeing.L’aéronautique représente aujourd’hui une activité majeure en Europe. En outre, au-delà de la production d’avions et de la création de lignes aériennes, les aéroports constituent désormais de formidables enjeux économiques, sociaux et culturels, voire politiques.L’ouvrage offre une présentation et une analyse exceptionnelles de cet univers qui a fait de l’Europe occidentale le berceau de l’aéronautique, qui doit aujourd’hui affronter de nouveaux défis, économiques, sanitaires et environnementaux.
700 10 - ADDED ENTRY--PERSONAL NAME
Personal name Olivier, Jean-Marc
Relator term author
856 41 - ELECTRONIC LOCATION AND ACCESS
Uniform Resource Identifier <a href="https://shs.cairn.info/de-bleriot-a-airbus--9782200629960?lang=fr&redirect-ssocas=7080">https://shs.cairn.info/de-bleriot-a-airbus--9782200629960?lang=fr&redirect-ssocas=7080</a>

Pas d'exemplaire disponible.

PLUDOC

PLUDOC est la plateforme unique et centralisée de gestion des bibliothèques physiques et numériques de Guinée administré par le CEDUST. Elle est la plus grande base de données de ressources documentaires pour les Étudiants, Enseignants chercheurs et Chercheurs de Guinée.

Adresse

627 919 101/664 919 101

25 boulevard du commerce
Kaloum, Conakry, Guinée

Réseaux sociaux

Powered by Netsen Group @ 2025